Elbeszélhetőség, törékenység. Sorstalanság. Utóirat az apokalipszis retorikájának védelmében. {Post scriptum in apararea retoricii apocalipsei. Kertész Imre: Sorstalanság}. [Kertész Imre: Sorstalanság]

Elmentve itt :
Bibliográfiai részletek
Szerző: VÁRI György
Adatforrás:Meister
Forrásdokumentuma:Korunk. -
2002. 3, 105-109.
Nyelv:magyar
Kulcsszavak:irodalomelmélet
metafora
irodalmi analízis
analiza literara
teoria literaturii
LEADER 00656nab a2200181 i 4500
001 bibPRO00013270
008 080908s2002 xx hun
040 |a Sz1 
041 |a hun 
100 1 |a VÁRI György 
245 1 0 |a Elbeszélhetőség, törékenység. Sorstalanság. Utóirat az apokalipszis retorikájának védelmében. {Post scriptum in apararea retoricii apocalipsei. Kertész Imre: Sorstalanság}. [Kertész Imre: Sorstalanság]  |c VÁRI György 
695 |a irodalomelmélet 
695 |a metafora 
695 |a irodalmi analízis 
695 |a analiza literara 
695 |a teoria literaturii 
695 |a metafora 
773 0 |t Korunk. -  |g 2002. 3, 105-109.